[Event "Catas Altas Caraca op 4th"]
[Site "Catas Altas"]
[Date "2023.03.11"]
[Round "2"]
[White "Barreto De Jeus, Leonardo"]
[Black "Gazel Pereira, Frederico"]
[Result "0-1"]
[WhiteElo "1781"]
[BlackElo "2300"]
[PlyCount "74"]
[EventDate "2023.03.11"]
[EventType "swiss (rapid)"]
[EventRounds "7"]
[EventCountry "BRA"]
[SourceTitle "CBM 213 Extra"]
[Source "ChessBase"]
[SourceDate "2023.05.31"]
[SourceVersion "1"]
[SourceVersionDate "2023.05.31"]
[SourceQuality "1"]

1. e4 c5 2. Nc3 d6 3. f4 Nc6 4. Nf3 a6 5. g3 g6 6. Bg2 Bg7 7. 0-0 e6 8. d3 Nge7 9. Be3 Nd4 10. Rb1 0-0 11. Ne2 Nxf3+ 12. Bxf3 f5 13. c3 b6 14. exf5 Nxf5 15. Bf2 Rb8 16. Re1 Bb7 17. Nc1 Bxf3 18. Qxf3 Qd7 19. Nb3 Kh8 20. Qg2 b5 21. d4 c4 22. Nd2 d5 23. Re2 b4 24. Rbe1 bxc3 25. bxc3 Rb2 26. Nf3 Rxe2 27. Rxe2 Nd6 28. Ne5 Qc8 29. Rb2 Ne4 30. Be1 Bxe5 31. dxe5 Qc5+ 32. Bf2 Qa3 33. Bd4 Nxc3 34. Qd2 Nb5 35. Rc2 Qd3 36. Bc5 Rc8 37. Bb4 Qxd2 0-1

[Event "Catas Altas Caraca op 4th"]
[Site "Catas Altas"]
[Date "2023.03.11"]
[Round "3"]
[White "Gazel Pereira, Frederico"]
[Black "Trombini, Fabio"]
[Result "1/2-1/2"]
[WhiteElo "2300"]
[BlackElo "1812"]
[PlyCount "163"]
[EventDate "2023.03.11"]
[EventType "swiss (rapid)"]
[EventRounds "7"]
[EventCountry "BRA"]
[SourceTitle "CBM 213 Extra"]
[Source "ChessBase"]
[SourceDate "2023.05.31"]
[SourceVersion "1"]
[SourceVersionDate "2023.05.31"]
[SourceQuality "1"]

1. d4 d5 2. Bf4 c5 3. c3 Nc6 4. e3 Nf6 5. Nf3 Qb6 6. Qb3 c4 7. Qc2 Bf5 8. Qc1 h6 9. h3 e6 10. Nbd2 Be7 11. b3 cxb3 12. axb3 0-0 13. Be2 Rfc8 14. Qb2 Ne4 15. Nxe4 Bxe4 16. 0-0 a6 17. Rfc1 Qd8 18. b4 Bd6 19. Bxd6 Qxd6 20. b5 axb5 21. Qxb5 Rxa1 22. Rxa1 Bxf3 23. Bxf3 Nd8 24. Qb3 g6 25. e4 dxe4 26. Bxe4 Kg7 27. g3 Qc7 28. Rc1 Qc4 29. Qb2 b5 30. Rc2 Nc6 31. Rd2 b4 32. cxb4 Qxb4 33. d5+ Qxb2 34. Rxb2 exd5 35. Bxd5 Ne7 36. Ba2 Rc7 37. Rd2 Kf6 38. Rd3 Ra7 39. Bb3 Kg7 40. Rf3 Nc6 41. Bd5 Ne5 42. Re3 Kf6 43. Kg2 Ra5 44. Be4 Ra2 45. Re1 Ra4 46. Re2 Ra1 47. f4 Nc4 48. Bd3 Nd6 49. h4 Ra3 50. Rd2 Nf5 51. Kf2 Rc3 52. Kg2 Ra3 53. Kh3 h5 54. Bxf5 Kxf5 55. Rd5+ Kf6 56. Rg5 Rc3 57. Kg2 Ra3 58. Kf2 Rc3 59. f5 Ra3 60. fxg6 fxg6 61. Rb5 Ra2+ 62. Kf3 Ra3+ 63. Kg2 Ra2+ 64. Kh3 Ra3 65. Rb1 Rc3 66. Rf1+ Kg7 67. Kg2 Ra3 68. Rf3 Rxf3 69. Kxf3 Kf7 70. Ke3 Ke7 71. Ke4 Ke6 72. Kf4 Kf6 73. g4 hxg4 74. Kxg4 Kf7 75. Kf4 Kf6 76. Kg4 Kf7 77. Kg3 Kg7 78. Kf4 Kf6 79. Kg4 Kf7 80. Kg5 Kg7 81. h5 gxh5 82. Kxh5 1/2-1/2

[Event "Catas Altas op 3rd"]
[Site "Catas Altas"]
[Date "2022.07.10"]
[Round "5"]
[White "Gazel Pereira, Frederico"]
[Black "Mareco, Sandro"]
[Result "0-1"]
[WhiteElo "2300"]
[BlackElo "2657"]
[PlyCount "72"]
[EventDate "2022.06.28"]
[EventType "swiss"]
[EventRounds "7"]
[EventCountry "BRA"]
[SourceTitle "EXT 2023"]
[Source "ChessBase"]
[SourceDate "2022.10.05"]
[SourceVersion "1"]
[SourceVersionDate "2022.10.05"]
[SourceQuality "1"]

1. d4 d5 2. Nf3 Nf6 3. Bf4 c5 4. e3 Nc6 5. c3 Qb6 6. Qb3 c4 7. Qc2 g6 8. h3 Bf5 9. Qc1 Rc8 10. Nbd2 h6 11. Be2 g5 12. Bg3 Qd8 13. Ne5 e6 14. Nxc6 Rxc6 15. 0-0 a6 16. Bd1 Rg8 17. Bc2 h5 18. Re1 h4 19. Be5 g4 20. hxg4 Bxg4 21. f3 Bh5 22. Kf2 Bd6 23. Bxd6 Qxd6 24. Nf1 Qf8 25. Re2 Qg7 26. Ke1 Ne4 27. Bd1 Ng3 28. Rf2 e5 29. Nxg3 hxg3 30. Rf1 Re6 31. Qd2 exd4 32. cxd4 Kd7 33. f4 Rge8 34. Rf3 Bxf3 35. Bxf3 Rxe3+ 36. Kf1 Qh6 0-1

[Event "Florianopolis op 8th"]
[Site "Florianopolis"]
[Date "2022.01.29"]
[Round "8"]
[White "Gazel Pereira, Frederico"]
[Black "Mekhitarian, Krikor Sevag"]
[Result "0-1"]
[WhiteElo "2279"]
[BlackElo "2562"]
[PlyCount "92"]
[EventDate "2022.01.24"]
[EventType "swiss"]
[EventRounds "10"]
[EventCountry "BRA"]
[SourceTitle "CBM 206 Extra"]
[Source "ChessBase"]
[SourceDate "2022.03.31"]
[SourceVersion "1"]
[SourceVersionDate "2022.03.31"]
[SourceQuality "1"]

1. d4 d5 2. Nf3 Nf6 3. Bf4 c5 4. e3 Nc6 5. c3 Qb6 6. Qc2 Nh5 7. dxc5 Qxc5 8. Nbd2 Nxf4 9. exf4 g6 10. Rd1 Bg7 11. Nb3 Qd6 12. g3 0-0 13. Bg2 Qc7 14. Qe2 e6 15. 0-0 Rb8 16. h4 b5 17. a3 a5 18. Nbd4 b4 19. axb4 Nxd4 20. Nxd4 axb4 21. Rc1 Qb6 22. Qe3 Bd7 23. h5 Rfc8 24. hxg6 hxg6 25. Rfe1 Rc7 26. Rcd1 Rbc8 27. Rd3 bxc3 28. bxc3 Qb2 29. Re2 Qa1+ 30. Re1 Qa5 31. Rc1 Rc4 32. Ne2 Bb5 33. Bf1 Re4 34. Qd2 Bxd3 35. Qxd3 Rec4 36. Rd1 Bxc3 37. Nxc3 Rxc3 38. Qd2 Qc5 39. Kg2 Rc2 40. Qe1 Qc3 41. Qxc3 R8xc3 42. Bd3 Rb2 43. Kf1 Ra3 44. Kg1 Raa2 45. Rf1 Rd2 46. Bb5 Kf8 0-1

[Event "Florianopolis op 8th"]
[Site "Florianopolis"]
[Date "2022.01.28"]
[Round "7"]
[White "Ferreira, Vitor Hugo Vieira"]
[Black "Gazel Pereira, Frederico"]
[Result "0-1"]
[WhiteElo "2123"]
[BlackElo "2279"]
[PlyCount "110"]
[EventDate "2022.01.24"]
[EventType "swiss"]
[EventRounds "10"]
[EventCountry "BRA"]
[SourceTitle "EXT 2023"]
[Source "ChessBase"]
[SourceDate "2022.10.05"]
[SourceVersion "1"]
[SourceVersionDate "2022.10.05"]
[SourceQuality "1"]

1. e4 c5 2. Nf3 d6 3. d4 cxd4 4. Nxd4 Nf6 5. Nc3 Nc6 6. Bg5 e6 7. Qd2 a6 8. 0-0-0 Qc7 9. f3 Bd7 10. Kb1 h6 11. Be3 Be7 12. h4 h5 13. Nxc6 Bxc6 14. Ne2 b5 15. Nd4 Bd7 16. Bg5 Rc8 17. Bd3 g6 18. f4 e5 19. Ne2 Ng4 20. Bxe7 Kxe7 21. Rdf1 Kf8 22. f5 Kg7 23. Ng3 Nf6 24. fxg6 fxg6 25. Rxf6 Kxf6 26. Qg5+ Kg7 27. Qe7+ Kg8 28. Rf1 Rh7 29. Qg5 Rg7 30. Rf6 Be8 31. Qd2 Qe7 32. Qg5 Bf7 33. b3 Rf8 34. Ne2 Be6 35. Rxf8+ Kxf8 36. Qg3 Kg8 37. Qe3 Qa7 38. Qg5 Kh7 39. Qf6 Qe7 40. Qf2 Rf7 41. Qb6 Bc8 42. Nc3 Qc7 43. Nd5 Qxb6 44. Nxb6 Be6 45. a4 Rf2 46. g3 Rf3 47. axb5 axb5 48. b4 Rxg3 49. Bxb5 g5 50. hxg5 h4 51. Nd5 Bxd5 52. exd5 h3 53. Bd7 h2 54. Bf5+ Kg7 55. Be4 Rg4 0-1

[Event "Florianopolis op 8th"]
[Site "Florianopolis"]
[Date "2022.01.25"]
[Round "3"]
[White "Rodrigues Mota, Romulo Cardoso S"]
[Black "Gazel Pereira, Frederico"]
[Result "1/2-1/2"]
[WhiteElo "2031"]
[BlackElo "2279"]
[PlyCount "46"]
[EventDate "2022.01.24"]
[EventType "swiss"]
[EventRounds "10"]
[EventCountry "BRA"]
[SourceTitle "CBM 206 Extra"]
[Source "ChessBase"]
[SourceDate "2022.03.31"]
[SourceVersion "1"]
[SourceVersionDate "2022.03.31"]
[SourceQuality "1"]

1. e4 c5 2. Nf3 e6 3. d4 cxd4 4. Nxd4 a6 5. Be2 Nf6 6. Nc3 Qc7 7. 0-0 Be7 8. Kh1 Nc6 9. Be3 0-0 10. f4 d6 11. a4 Bd7 12. f5 Ne5 13. Qe1 Nc4 14. Bxc4 Qxc4 15. Nb3 b5 16. Nd2 Qc7 17. Qg3 Kh8 18. Ne2 bxa4 19. Nc3 Rfb8 20. fxe6 fxe6 21. Rfb1 Rb4 22. Na2 Rb7 23. Bd4 e5 1/2-1/2

[Event "Titled Tuesday intern op 18th May"]
[Site "Chess.com INT"]
[Date "2021.05.18"]
[Round "9"]
[White "Barseghyan, Armen Ar"]
[Black "Gazel Pereira, Frederico"]
[Result "0-1"]
[WhiteElo "2353"]
[BlackElo "2279"]
[PlyCount "180"]
[EventDate "2021.05.18"]
[EventType "swiss (blitz)"]
[EventRounds "11"]
[EventCountry "USA"]
[SourceTitle "CBM 202 Extra"]
[Source "ChessBase"]
[SourceDate "2021.07.31"]
[SourceVersion "1"]
[SourceVersionDate "2021.07.31"]
[SourceQuality "1"]

1. d4 Nf6 2. c4 e6 3. Nc3 Bb4 4. Nf3 Ne4 5. Qb3 c5 6. e3 f5 7. Bd3 Bxc3+ 8. bxc3 Nc6 9. 0-0 Nf6 10. Ba3 Na5 11. Qa4 b6 12. dxc5 Bb7 13. Nd4 Ne4 14. Bxe4 Bxe4 15. Nxe6 Bc6 16. Nxd8 Bxa4 17. c6 Kxd8 18. cxd7 Nxc4 19. Bc1 Kxd7 20. e4 fxe4 21. Re1 Rhe8 22. Bf4 Bc2 23. Rac1 Bd3 24. Rcd1 Kc6 25. f3 Na5 26. Re3 Nc4 27. Ree1 Rad8 28. fxe4 Rd7 29. e5 Re6 30. Bg3 Rd5 31. h3 g5 32. Kh2 b5 33. h4 h6 34. hxg5 hxg5 35. Kg1 a5 36. Kf2 a4 37. Kf3 a3 38. Kg4 Be2+ 39. Rxe2 Rxd1 40. Kf5 Re8 41. e6 Rf1+ 42. Kg6 Kd5 43. e7 g4 44. Kg7 Kc6 45. Bh4 Kd7 46. Re4 Rd1 47. Rxg4 Rd2 48. Kf7 Nd6+ 49. Kf6 Rxa2 50. Rd4 Rxg2 51. Ke5 Re2+ 52. Kd5 R8xe7 53. Bxe7 Rxe7 54. Rd2 Rh7 55. Kc5 Rh5+ 56. Kb4 Kc6 57. Rg2 Nc4 58. Rg6+ Kb7 59. Rg7+ Ka6 60. Rg6+ Nb6 61. Kxa3 Rh3 62. Kb3 Rh4 63. Rf6 Ka5 64. Rg6 Na4 65. Rg3 Rh1 66. Rf3 Rc1 67. Rg3 Rb1+ 68. Kc2 Rh1 69. Kb3 Rb1+ 70. Kc2 Rb2+ 71. Kc1 Ra2 72. Rf3 Rh2 73. Rg3 Nc5 74. Rf3 Ka4 75. Rg3 Kb3 76. c4+ Kxc4 77. Kd1 b4 78. Kc1 Kb5 79. Kb1 Ka4 80. Rf3 Nb3 81. Rf8 Rh1+ 82. Kb2 Rh2+ 83. Kb1 Na5 84. Rf3 b3 85. Rf5 Nc4 86. Rf1 Ka3 87. Rg1 Rb2+ 88. Kc1 Rc2+ 89. Kd1 Ne3+ 90. Ke1 Rc1+ 0-1

[Event "Titled Tuesday intern op 18th May"]
[Site "Chess.com INT"]
[Date "2021.05.18"]
[Round "4"]
[White "Gazel Pereira, Frederico"]
[Black "Alvarez Fernandez, Enrique"]
[Result "1-0"]
[WhiteElo "2279"]
[BlackElo "2349"]
[PlyCount "129"]
[EventDate "2021.05.18"]
[EventType "swiss (blitz)"]
[EventRounds "11"]
[EventCountry "USA"]
[SourceTitle "CBM 202 Extra"]
[Source "ChessBase"]
[SourceDate "2021.07.31"]
[SourceVersion "1"]
[SourceVersionDate "2021.07.31"]
[SourceQuality "1"]

1. f4 e5 2. fxe5 d6 3. Nf3 Nc6 4. e4 dxe5 5. Bb5 Nf6 6. Bxc6+ bxc6 7. d3 Bc5 8. Qe2 Bg4 9. Be3 Bxe3 10. Qxe3 Rb8 11. b3 Bxf3 12. Qxf3 Qd4 13. c3 Qd6 14. Nd2 Rd8 15. Ke2 h5 16. Nc4 Qe6 17. Raf1 Rh6 18. Qf5 Qd7 19. Nxe5 Qd6 20. Rd1 h4 21. Rhf1 Rh5 22. Nc4 Qxh2 23. Qh3 Qxh3 24. gxh3 Rg5 25. Rf3 Nh5 26. Kf2 Ng3 27. Rf4 Rh5 28. Ke3 Ke7 29. d4 g5 30. Rf3 Rh6 31. Ne5 Rf8 32. Rd2 Re6 33. Rdf2 f6 34. Ng6+ Kf7 35. Nxf8 Rxe4+ 36. Kd2 Kxf8 37. Rxf6+ Kg8 38. Rxc6 Re7 39. Rg6+ Kh7 40. Rgf6 Ne4+ 41. Kd3 Nxf2+ 42. Rxf2 Kg6 43. c4 Re1 44. d5 Rd1+ 45. Ke4 Re1+ 46. Kd4 Rd1+ 47. Ke5 Re1+ 48. Kd4 Rd1+ 49. Kc5 Rd3 50. Rh2 g4 51. hxg4 Kg5 52. Kc6 Kxg4 53. Kxc7 Kg3 54. Rh1 h3 55. d6 Kg2 56. Re1 Kf2 57. Rh1 Kg2 58. Rb1 h2 59. d7 Rf3 60. d8Q Rf1 61. Qg5+ Kf2 62. Qf4+ Kg2 63. Rxf1 h1Q 64. Qf3+ Kh2 65. Rxh1# 1-0

[Event "Florianopolis op 6th"]
[Site "Florianopolis"]
[Date "2020.01.23"]
[Round "5"]
[White "Molina, Roberto Junio Brito"]
[Black "Gazel Pereira, Frederico"]
[Result "1-0"]
[WhiteElo "2431"]
[BlackElo "2267"]
[PlyCount "47"]
[EventDate "2020.01.20"]
[EventType "swiss"]
[EventRounds "10"]
[EventCountry "BRA"]
[SourceTitle "CBM 194 Extra"]
[Source "ChessBase"]
[SourceDate "2020.03.31"]
[SourceVersion "1"]
[SourceVersionDate "2020.03.31"]
[SourceQuality "1"]

1. c4 c5 2. Nf3 Nf6 3. d4 cxd4 4. Nxd4 Nc6 5. Nc3 d6 6. e4 g6 7. Be2 Bg7 8. Be3 0-0 9. 0-0 Nd7 10. Rc1 a5 11. Ndb5 Nc5 12. Qd2 a4 13. Bh6 f5 14. Bxg7 Kxg7 15. exf5 Bxf5 16. Nd5 Qa5 17. Qe3 Rf7 18. b4 axb3 19. axb3 Qd8 20. b4 Na6 21. Rfd1 Kg8 22. c5 Qf8 23. cxd6 exd6 24. Nxd6 1-0

[Event "Brazil Pocos de Caldas op"]
[Site "Pocos de Caldas"]
[Date "2018.03.02"]
[Round "2"]
[White "Gazel Pereira, Frederico"]
[Black "Bonvini, Alberto Tonhati"]
[Result "1-0"]
[WhiteElo "2271"]
[BlackElo "1948"]
[PlyCount "81"]
[EventDate "2018.03.02"]
[EventType "swiss"]
[EventRounds "6"]
[EventCountry "BRA"]
[SourceTitle "CBM 183 Extra"]
[Source "ChessBase"]
[SourceDate "2018.04.19"]
[SourceVersion "1"]
[SourceVersionDate "2018.04.19"]
[SourceQuality "1"]

1. e4 e5 2. Nf3 Nc6 3. Bb5 a6 4. Bxc6 dxc6 5. 0-0 Bg4 6. h3 h5 7. d3 Qf6 8. Be3 Bxf3 9. Qxf3 Qxf3 10. gxf3 0-0-0 11. Nc3 Ne7 12. f4 exf4 13. Bxf4 g5 14. Be3 g4 15. hxg4 hxg4 16. Kg2 Ng6 17. Bg5 f6 18. Bxf6 Nf4+ 19. Kg1 Nh3+ 20. Kg2 Nf4+ 21. Kg1 Nh3+ 22. Kh1 Rh6 23. Bxd8 Bd6 24. Kg2 Kxd8 25. Ne2 c5 26. f3 gxf3+ 27. Kxf3 Ng5+ 28. Kg4 Rh2 29. Kxg5 Rxe2 30. Kf6 Kd7 31. Rac1 c4 32. b3 c3 33. a4 Ba3 34. Ke5 b5 35. Kd4 Bb2 36. axb5 axb5 37. Kc5 b4 38. Rf7+ Ke8 39. Rcf1 Rxc2 40. Kd5 Rg2 41. Rf8+ 1-0

[Event "Florianopolis op 4th"]
[Site "Florianopolis"]
[Date "2018.01.23"]
[Round "7"]
[White "Gazel Pereira, Frederico"]
[Black "Delgado Ramirez, Neuris"]
[Result "0-1"]
[WhiteElo "2275"]
[BlackElo "2602"]
[PlyCount "56"]
[EventDate "2018.01.19"]
[EventType "swiss"]
[EventRounds "10"]
[EventCountry "BRA"]
[SourceTitle "EXT 2019"]
[Source "ChessBase"]
[SourceDate "2018.10.10"]
[SourceVersion "1"]
[SourceVersionDate "2018.10.10"]
[SourceQuality "1"]

1. e4 c5 2. Nf3 d6 3. d4 cxd4 4. Nxd4 Nf6 5. Nc3 g6 6. Be3 a6 7. Be2 Bg7 8. a4 0-0 9. 0-0 Nc6 10. Kh1 Bd7 11. Nb3 Na5 12. Nxa5 Qxa5 13. Ra3 Be6 14. Bd4 Rac8 15. f4 Qb4 16. Nd5 Nxd5 17. Bxg7 Ne3 18. Rxe3 Kxg7 19. b3 Qc5 20. Rd3 Qxc2 21. f5 Qxd1 22. Bxd1 Bd7 23. f6+ exf6 24. Rxd6 Bc6 25. Rdxf6 Bxe4 26. Bg4 Rc3 27. h3 Rxb3 28. Be6 Rb1 0-1

[Event "Florianopolis op 4th"]
[Site "Florianopolis"]
[Date "2018.01.22"]
[Round "6"]
[White "Cifuentes Goncalves, Luiz Osvaldo"]
[Black "Gazel Pereira, Frederico"]
[Result "0-1"]
[WhiteElo "1856"]
[BlackElo "2275"]
[PlyCount "32"]
[EventDate "2018.01.19"]
[EventType "swiss"]
[EventRounds "10"]
[EventCountry "BRA"]
[SourceTitle "EXT 2019"]
[Source "ChessBase"]
[SourceDate "2018.10.10"]
[SourceVersion "1"]
[SourceVersionDate "2018.10.10"]
[SourceQuality "1"]

1. e4 c5 2. Nf3 e6 3. Bc4 a6 4. a4 Qc7 5. Nc3 Nf6 6. Qe2 Nc6 7. e5 Ng4 8. d3 Ngxe5 9. Be3 d5 10. Bxd5 exd5 11. Nxd5 Qd8 12. c4 Nxf3+ 13. gxf3 Be6 14. Nf4 Qf6 15. Nd5 Qd8 16. Bf4 Nd4 0-1

[Event "Florianopolis op 4th"]
[Site "Florianopolis"]
[Date "2018.01.20"]
[Round "3"]
[White "Gazel Pereira, Frederico"]
[Black "Granda Zuniga, Julio E"]
[Result "0-1"]
[WhiteElo "2275"]
[BlackElo "2657"]
[PlyCount "72"]
[EventDate "2018.01.19"]
[EventType "swiss"]
[EventRounds "10"]
[EventCountry "BRA"]
[SourceTitle "EXT 2019"]
[Source "ChessBase"]
[SourceDate "2018.10.10"]
[SourceVersion "1"]
[SourceVersionDate "2018.10.10"]
[SourceQuality "1"]

1. e4 e5 2. Nf3 Nc6 3. Nc3 d6 4. Bc4 Na5 5. Be2 c5 6. Bb5+ Nc6 7. a4 Nf6 8. d3 Be7 9. h3 0-0 10. 0-0 h6 11. Ne2 Be6 12. Ng3 Re8 13. Re1 Bf8 14. Bc4 d5 15. Bb5 Qc7 16. Bxc6 bxc6 17. exd5 cxd5 18. Nxe5 Bxh3 19. Bf4 Be6 20. c3 Qb6 21. Qc1 Rac8 22. a5 Qa6 23. Qd2 Rb8 24. Ra4 Qb5 25. Ra2 g5 26. c4 Qa6 27. Bxg5 hxg5 28. Qxg5+ Bg7 29. cxd5 Nh7 30. Qf4 Bxd5 31. Nf5 Qf6 32. Ra4 Rxe5 33. Rxe5 Qxe5 34. Ne7+ Kh8 35. Qxe5 Bxe5 36. Nxd5 Rxb2 0-1

[Event "Florianopolis op 4th"]
[Site "Florianopolis"]
[Date "2018.01.20"]
[Round "2"]
[White "Gazel Pereira, Frederico"]
[Black "Lima, Endson dos Santos"]
[Result "1-0"]
[WhiteElo "2275"]
[BlackElo "2051"]
[PlyCount "89"]
[EventDate "2018.01.19"]
[EventType "swiss"]
[EventRounds "10"]
[EventCountry "BRA"]
[SourceTitle "CBM 182 Extra"]
[Source "ChessBase"]
[SourceDate "2018.02.23"]
[SourceVersion "1"]
[SourceVersionDate "2018.02.23"]
[SourceQuality "1"]

1. e4 c5 2. Nc3 Nc6 3. Nf3 e6 4. d4 cxd4 5. Nxd4 Qc7 6. Be2 a6 7. 0-0 Nf6 8. Be3 Be7 9. f4 d6 10. Qe1 0-0 11. Qg3 Bd7 12. Kh1 b5 13. a3 Na5 14. e5 Ne8 15. Bf3 Rc8 16. Nf5 Nc6 17. Nxe7+ Nxe7 18. Be4 g6 19. Rad1 d5 20. Bd3 Ng7 21. Qf2 f6 22. exf6 Rxf6 23. Bd4 Rf7 24. Be5 Qb7 25. Ne2 Nc6 26. Qe3 Nf5 27. Qh3 Nxe5 28. fxe5 Qc7 29. g4 Qxe5 30. gxf5 exf5 31. c3 f4 32. Qg2 Qh5 33. Qf2 Rcf8 34. Nd4 Bh3 35. Rfe1 f3 36. Bf1 Bg4 37. Re3 g5 38. Re5 Qh4 39. Qxh4 gxh4 40. h3 Bc8 41. Kh2 Rf6 42. Bd3 f2 43. Rf1 Rf4 44. Re7 Rxd4 45. cxd4 1-0

[Event "Sao Sebastiao do Paraiso op 1st"]
[Site "Sao Sebastiao do Paraiso"]
[Date "2017.08.18"]
[Round "2"]
[White "Gazel Pereira, Frederico"]
[Black "Silva, Luiz Thiago"]
[Result "1-0"]
[WhiteElo "2258"]
[BlackElo "1938"]
[PlyCount "91"]
[EventDate "2017.08.18"]
[EventType "swiss"]
[EventRounds "6"]
[EventCountry "BRA"]
[SourceTitle "CBM 180 Extra"]
[Source "ChessBase"]
[SourceDate "2017.10.06"]
[SourceVersion "1"]
[SourceVersionDate "2017.10.06"]
[SourceQuality "1"]

1. d4 Nf6 2. c4 e6 3. Nc3 Bb4 4. e3 0-0 5. Nge2 Re8 6. a3 Bf8 7. Ng3 d6 8. Be2 Nbd7 9. 0-0 e5 10. b3 c6 11. Bb2 exd4 12. exd4 d5 13. c5 Ne4 14. Qc2 Ndf6 15. Bd3 Nxg3 16. hxg3 Bg4 17. f3 Bh5 18. g4 Bg6 19. Bxg6 hxg6 20. Rae1 Qd7 21. Bc1 Rxe1 22. Rxe1 Re8 23. Rd1 Be7 24. Bf4 Bd8 25. Kf2 Bc7 26. Bxc7 Qxc7 27. g3 Qa5 28. Na4 Re6 29. Qd2 Qb5 30. Qd3 Qa5 31. Qc3 Qb5 32. Rd2 Ne8 33. Nb2 f6 34. Nd3 g5 35. a4 Qa6 36. Nb4 Qa5 37. Nxd5 Qd8 38. Ne3 Nc7 39. Qc4 Kf8 40. Nf5 Nd5 41. Re2 Rxe2+ 42. Qxe2 Qa5 43. Nd6 Ne7 44. Qe3 Qb4 45. Kg2 b6 46. Qe6 1-0

[Event "Florianopolis op 3rd"]
[Site "Florianopolis"]
[Date "2017.01.26"]
[Round "10"]
[White "Ribeiro, Matheus Cavalcante"]
[Black "Gazel Pereira, Frederico"]
[Result "0-1"]
[WhiteElo "2149"]
[BlackElo "2281"]
[PlyCount "100"]
[EventDate "2017.01.20"]
[EventType "swiss"]
[EventRounds "10"]
[EventCountry "BRA"]
[SourceTitle "CBM 176 Extra"]
[Source "ChessBase"]
[SourceDate "2017.03.02"]
[SourceVersion "1"]
[SourceVersionDate "2017.03.02"]
[SourceQuality "1"]

1. e4 c5 2. Nf3 e6 3. d4 cxd4 4. Nxd4 a6 5. Nc3 Qc7 6. Be2 Nf6 7. 0-0 Nc6 8. Kh1 Nxd4 9. Qxd4 Bc5 10. Qd3 h5 11. f4 d6 12. Bf3 Bd7 13. e5 Ng4 14. Ne4 dxe5 15. fxe5 Nxe5 16. Bf4 Be7 17. Qd4 f6 18. Rae1 Nxf3 19. Rxf3 e5 20. Rc3 Bc6 21. Qc4 0-0-0 22. Be3 Rd5 23. b4 Rhd8 24. Bc5 Kb8 25. h3 Bxc5 26. Nxc5 Rd1 27. Qf1 Qd6 28. Nd3 Rxe1 29. Qxe1 Qd4 30. Nc5 Qd1 31. Qxd1 Rxd1+ 32. Kh2 h4 33. Nxa6+ Ka7 34. b5 Bxb5 35. Nb4 Rd2 36. Rc7 Rd7 37. Rc8 Kb6 38. c4 Bc6 39. Nxc6 bxc6 40. Kg1 Kc5 41. a4 Ra7 42. Rh8 Kxc4 43. Rxh4+ Kb3 44. Kf2 Rxa4 45. Rh7 g5 46. g3 c5 47. Rf7 c4 48. h4 gxh4 49. gxh4 c3 50. Ke2 Rxh4 0-1

[Event "Florianopolis op 3rd"]
[Site "Florianopolis"]
[Date "2017.01.25"]
[Round "9"]
[White "Gazel Pereira, Frederico"]
[Black "Almeida, Gianluca Jorio"]
[Result "1-0"]
[WhiteElo "2281"]
[BlackElo "2040"]
[PlyCount "109"]
[EventDate "2017.01.20"]
[EventType "swiss"]
[EventRounds "10"]
[EventCountry "BRA"]
[SourceTitle "CBM 176 Extra"]
[Source "ChessBase"]
[SourceDate "2017.03.02"]
[SourceVersion "1"]
[SourceVersionDate "2017.03.02"]
[SourceQuality "1"]

1. e4 c5 2. Nf3 Nc6 3. Nc3 g6 4. d4 cxd4 5. Nxd4 Bg7 6. Be3 Nf6 7. Be2 0-0 8. Nb3 d6 9. f4 a6 10. Bf3 Bd7 11. 0-0 Rc8 12. a4 Be6 13. Nd5 Nd7 14. c3 Bxd5 15. exd5 Na5 16. Nxa5 Qxa5 17. Re1 Rfe8 18. Bf2 Bf6 19. Bg4 Rcd8 20. Re4 Qc7 21. a5 Rb8 22. Qe2 b5 23. axb6 Nxb6 24. Qd3 Nd7 25. Rc4 Nc5 26. Qe2 Qb7 27. b4 Nb3 28. Ra3 Nc1 29. Qe4 e6 30. Bf3 exd5 31. Qxd5 Qxd5 32. Bxd5 Ne2+ 33. Kf1 Nxc3 34. Raxc3 Bxc3 35. Rxc3 Rxb4 36. g3 a5 37. Rc7 Rf8 38. Ra7 a4 39. Ke2 Rb2+ 40. Kf3 Rd2 41. Bc6 Rc8 42. Be3 Rd3 43. Bb5 Rb3 44. Bxa4 Ra3 45. Bd1 Rxa7 46. Bxa7 Kf8 47. Ke4 Ke7 48. g4 Rc4+ 49. Bd4 Rc1 50. Bf3 Re1+ 51. Kd3 Ke6 52. h3 Rb1 53. h4 Rb3+ 54. Ke2 f6 55. Be3 1-0

[Event "Florianopolis op 3rd"]
[Site "Florianopolis"]
[Date "2017.01.21"]
[Round "3"]
[White "Gazel Pereira, Frederico"]
[Black "Zampier, Alexandre"]
[Result "1-0"]
[WhiteElo "2281"]
[BlackElo "1611"]
[PlyCount "59"]
[EventDate "2017.01.20"]
[EventType "swiss"]
[EventRounds "10"]
[EventCountry "BRA"]
[SourceTitle "CBM 176 Extra"]
[Source "ChessBase"]
[SourceDate "2017.03.02"]
[SourceVersion "1"]
[SourceVersionDate "2017.03.02"]
[SourceQuality "1"]

1. f4 b5 2. Nf3 Bb7 3. e3 a6 4. b3 e6 5. Bb2 Nf6 6. Be2 Be7 7. 0-0 0-0 8. Qe1 c5 9. Qg3 g6 10. Qh3 Bxf3 11. Bxf3 Nc6 12. g4 d5 13. g5 Ne4 14. Bg4 Qd7 15. Rf3 Bxg5 16. fxg5 Nxg5 17. Qh6 Nxf3+ 18. Bxf3 f6 19. Nc3 Rac8 20. Rf1 Ne5 21. Bg2 Ng4 22. Qh4 f5 23. Ne2 Qd8 24. Qg3 Nf6 25. Nf4 Qe8 26. h4 Ng4 27. Nd3 Qe7 28. Ne5 Qc7 29. Nxg4 Qxg3 30. Nh6# 1-0

[Event "Pocos de Caldas op"]
[Site "Pocos de Caldas"]
[Date "2016.02.26"]
[Round "1"]
[White "Dibai, Jerry"]
[Black "Gazel Pereira, Frederico"]
[Result "0-1"]
[WhiteElo "1753"]
[BlackElo "2270"]
[PlyCount "64"]
[EventDate "2016.02.26"]
[EventType "swiss"]
[EventRounds "6"]
[EventCountry "BRA"]
[SourceTitle "CBM 171 Extra"]
[Source "ChessBase"]
[SourceDate "2016.04.26"]
[SourceVersion "1"]
[SourceVersionDate "2016.04.26"]
[SourceQuality "1"]

1. Nf3 Nf6 2. g3 d5 3. Bg2 g6 4. 0-0 c5 5. d3 Bg7 6. Nc3 Nc6 7. a3 0-0 8. Rb1 d4 9. Na4 b6 10. c4 Bb7 11. b4 cxb4 12. axb4 Nd7 13. b5 Ncb8 14. Bb2 Nc5 15. Nxc5 bxc5 16. Ba3 Nd7 17. Qb3 e5 18. Nd2 Bxg2 19. Kxg2 f5 20. Ra1 Qe7 21. Bb2 Bh6 22. Qc2 Rf6 23. Ra5 e4 24. f4 exf3+ 25. Nxf3 Re6 26. Re1 Nf6 27. h3 Re8 28. e4 fxe4 29. dxe4 Nxe4 30. Ra6 Qc7 31. Rxe4 Rxe4 32. Ng1 Re3 0-1

[Event "Florianopolis op 2nd"]
[Site "Florianopolis"]
[Date "2016.01.21"]
[Round "9"]
[White "Gazel Pereira, Frederico"]
[Black "Pirola, Claudionor Alcides"]
[Result "1/2-1/2"]
[WhiteElo "2300"]
[BlackElo "2137"]
[PlyCount "69"]
[EventDate "2016.01.16"]
[EventType "swiss"]
[EventRounds "10"]
[EventCountry "BRA"]
[SourceTitle "CBM 170 Extra"]
[Source "ChessBase"]
[SourceDate "2016.02.25"]
[SourceVersion "1"]
[SourceVersionDate "2016.02.25"]
[SourceQuality "1"]

1. Nc3 g6 2. e4 Bg7 3. d4 d6 4. Nf3 a6 5. a4 b6 6. Bc4 e6 7. 0-0 Bb7 8. Qe2 Ne7 9. Bf4 0-0 10. Rad1 Nd7 11. h3 d5 12. Ba2 dxe4 13. Nxe4 Nd5 14. Bh2 N7f6 15. Ned2 Qc8 16. a5 Rd8 17. Ne5 Nb4 18. Bb3 Nc6 19. Nxc6 Bxc6 20. Nf3 Qb7 21. axb6 cxb6 22. Ne1 a5 23. Be5 a4 24. Ba2 Nh5 25. Bxg7 Kxg7 26. g4 Nf6 27. Qe5 h6 28. f4 Qb8 29. Nf3 Bxf3 30. Rxf3 Qxe5 31. fxe5 Nd5 32. Rdf1 Ra7 33. c3 g5 34. Bxd5 Rxd5 35. Kf2 1/2-1/2